Colombia : (Registro nro. 8846)
[ vista simple ]
| 000 -LEADER | |
|---|---|
| fixed length control field | 01037nam a2200217Ia 4500 |
| 003 - CONTROL NUMBER IDENTIFIER | |
| control field | OSt |
| 005 - DATE AND TIME OF LATEST TRANSACTION | |
| control field | 20221207112408.0 |
| 008 - FIXED-LENGTH DATA ELEMENTS--GENERAL INFORMATION | |
| fixed length control field | 210310s1996 enkabo gr 000 0 eng d |
| 020 ## - INTERNATIONAL STANDARD BOOK NUMBER | |
| International Standard Book Number | 1855644622 |
| 040 ## - CATALOGING SOURCE | |
| Original cataloging agency | CO-JMCR |
| Transcribing agency | CO-JMCR |
| 041 0# - LANGUAGE CODE | |
| Language code of text/sound track or separate title | eng |
| 082 04 - DEWEY DECIMAL CLASSIFICATION NUMBER | |
| Edition number | 23 |
| Classification number | 330.986 / |
| Item number | H193c |
| 100 1# - MAIN ENTRY--PERSONAL NAME | |
| Personal name | Halls, Michael, |
| 9 (RLIN) | 18447 |
| Relator term | autor |
| 245 10 - TITLE STATEMENT | |
| Title | Colombia : |
| Remainder of title | braking the mould / |
| Statement of responsibility, etc. | Michael Halls |
| 260 ## - PUBLICATION, DISTRIBUTION, ETC. | |
| Place of publication, distribution, etc. | London : |
| Name of publisher, distributor, etc. | Euromoney Books, |
| Date of publication, distribution, etc. | 1996 |
| 300 ## - PHYSICAL DESCRIPTION | |
| Extent | x, 165, [26] páginas : |
| Other physical details | fotografías y 1 mapa a color ; |
| Dimensions | 29 cm |
| 505 0# - FORMATTED CONTENTS NOTE | |
| Formatted contents note | The economy -- The apertura programme: structural reform and privatisation -- The social infraestructure -- Foreign investment and participation -- Project finance: utilies and infrastructure -- The corporate sector -- Agriculture -- International trade -- Oil, gas and mining, The financial sector -- Capital markets -- The regulatory environment -- The fiscal enviroment and corporate structure |
| 650 14 - SUBJECT ADDED ENTRY--TOPICAL TERM | |
| Topical term or geographic name entry element | Economía |
| 9 (RLIN) | 18449 |
| Geographic subdivision | Colombia |
| 650 24 - SUBJECT ADDED ENTRY--TOPICAL TERM | |
| Topical term or geographic name entry element | Población |
| Geographic subdivision | Colombia |
| 9 (RLIN) | 42481 |
| 942 ## - ADDED ENTRY ELEMENTS (KOHA) | |
| Source of classification or shelving scheme | Dewey Decimal Classification |
| Koha item type | Books |
| Withdrawn status | Lost status | Source of classification or shelving scheme | Damaged status | Not for loan | Home library | Current library | Date acquired | Total Checkouts | Full call number | Barcode | Date last seen | Date last checked out | Copy number | Price effective from | Koha item type |
|---|---|---|---|---|---|---|---|---|---|---|---|---|---|---|---|
| Dewey Decimal Classification | Biblioteca Pública José María del Castillo y Rada | Biblioteca Pública José María del Castillo y Rada | 03/10/2021 | 1 | 330.986 / H193c | 430006010 | 12/04/2024 | 12/04/2024 | Ej.1 | 03/10/2021 | Books |